000 00345nam a22001217a 4500
082 _a220 PRO
100 _aSALMAN NAWAZ, HAMZA
_972359
245 _aPR-SOF-1045-DESIGN OF CROSS FLOW MICRO HYDRO TURBINE
260 _aISLAMABAD
_bNUST COLLEGE OF EME
_c2010
650 _aDE-MECH-28
700 _aSUPERVISOR ,DR AFZAAL MALIK
_972360
942 _cCR
999 _c578424
_d578424